000 00871cam a2200277Ma 4500
001 45477
005 20230410132803.0
008 920616s1966 ag a 001 0 spa d
035 _a(OCoLC)ocm55441747
040 _aDIBAM
_bspa
_cDIBAM
035 _a(OCoLC)55441747
041 1 _aspa
_heng
050 1 4 _aQH 305
_bA832b 1966
049 _aGRAL
100 1 _aAsimov, Isaac,
_d1920-1992.
245 1 0 _aBreve historia de la biología /
_cIsaac Asimov ; [tr. por Ricardo Zelarayán].
260 _aBuenos Aires :
_bEditorial Universitaria de Buenos Aires,
_cc1966.
300 _a226 p. :
_bil. ;
_c18 cm.
490 0 _aEUDEBA. Ciencia joven ;
_v30
500 _aTítulo original: A short history of biology.
500 _aReimpresiones llamadas ediciones: 1971 (2a.).
650 0 _aBiology
_xHistory.
942 _2lcc
_cbk
946 _amjcruz
994 _aC0
_bDRFGD
999 _c87764
_d87764